00927cam a22002411a 4500001001300000003000400013005001700017008004100034010001700075035002000092040002700112042001200139050001600151100003500167245011300202260006200315300003400377500015800411504005100569650003300620650001500653999001700668ne 67000708 DLC20260227111831.0850408s1966 ua 001 0 arar  ane 67000708  a(OCoLC)11894668 aDLCcTxU-LdTxU-LdDLC apremarc00aJX5771b.S51 aShihata, Ibrahim F. I.,d1937-13aal-Qānūn al-jawwī al-duwalī wa-qānūn al-faḍāʼ /cIbrāhīm Fahmī Ibrāhīm Shihatā. aal-Qāhirah :bDār al-Nahḍah al-ʻArabīyah,c1966. a594, x p. :btables ;c24 cm. aAdded title page: International air and space law : a treatise in Arabic with an English translation of the table of contents / by Ibrahim F. I. Shihata. aIncludes bibliographical references and index. 0aAirspace (International law) 0aSpace law. c49513d49513